| 000 | 00540nam a2200181Ia 4500 | ||
|---|---|---|---|
| 003 | GCL | ||
| 008 | 140319s9999 xx 000 0 ara d | ||
| 040 |
_aGCL / _cGCL |
||
| 082 | 0 | 4 |
_a228 _bز س |
| 100 | 1 | _aزهير سليمان عودة | |
| 245 | 1 | 0 |
_aالشافى فى علم التجويد / _cزهير سليمان عودة |
| 260 |
_a[S.N] : _bدار عمار للنشر والتوزيع ، _c1991 |
||
| 300 | _a126 ص | ||
| 490 | _a | ||
| 650 | 0 | 4 | _aالقراءات والتجويد |
| 650 | 0 | 4 | _aالقران |
| 942 |
_2ddc _cBK |
||
| 999 |
_c55647 _d55647 |
||